01343cam a2200265 a 4500003000400000005001700004008004100021010001700062020001500079040001700094041000800111082002500119100003300144245003400177260007000211300007600281504004100357505038400398650004300782650004800825650004500873942001200918999001700930952013000947OSt20210519160616.0880928s1988 idua grb 000 0 eng  a 87092265  a0962001104 aDLCcCO-JMCR0 aeng04a330.973 /bR822m2231 aRudd, Terry R.eautor93768310a1929 again? /cTerry R. Rudd. aLewiston, Idaho, U.S.A. :bBell Curve Research Foundation,c1988. a446 páginas :bilustraciones y gráficos en blanco y negro ;c23 cm. aBibliografía : páginas 403-407.0 awhat´s happening to real estate?. -- what is value?. -- Reason is reason . -- Approaches to value. -- Comparison is comparisons. -- The roots of value. -- Cycles-How the World travels. -- Spirals and other aids in cycle timing. -- Where are the equity markets headed?. -- Where are the equity markets headed?. -- Investment decisions. -- How to succeed in real estate whth bell.14aBusiness cycleszUnited States.93768424aEconomic forecastingzUnited States.93768524aDepressionsy1929zUnited States.937686 2ddccBK c11688d11688 00102ddc4070aCPLbCPLcGENd2018-04-15eDonacióno330.973 / R822mp430002137r2024-05-16 00:00:00tEj.1w2021-03-10yBK